Cuadernos Metodológicos / Análisis de regresión logística
Guardado en:
| Hovedforfatter: | |
|---|---|
| Format: | Texto |
| Sprog: | Spanish |
| Udgivet: |
España :
Centro de Investigaciones Sociológicas,
1995
|
| Serier: | Cuadernos Metodológicos / CIS
15 |
| Fag: | |
| Tags: |
Tilføj Tag
Ingen Tags, Vær først til at tagge denne postø!
|
MARC
| LEADER | 00000 a a2200000 04500 | ||
|---|---|---|---|
| 001 | 33836 | ||
| 003 | cru CIDCACS/IIS | ||
| 005 | 20230918161316.0 | ||
| 008 | 230306b1995 sp ||||| |||| 00| 0 spa d | ||
| 020 | |a 84-7476-216-2 | ||
| 022 | |a 84-7476-216-2 | ||
| 040 | |c cru CIDCACS/IIS |d cru CIDCACS/IIS | ||
| 090 | |a 18.03.01 J86a | ||
| 100 | |a Jovell, Albert J. | ||
| 245 | |a Cuadernos Metodológicos / |c Albert J. Jovell |b Análisis de regresión logística | ||
| 260 | |a España : |b Centro de Investigaciones Sociológicas, |c 1995 | ||
| 300 | |a 118 p. | ||
| 440 | |9 10956 |a Cuadernos Metodológicos / CIS |v 15 | ||
| 650 | |a ANALISIS ESTADISTICO | ||
| 650 | |a TEORIA | ||
| 650 | |a METODOLOGIA | ||
| 942 | |2 z |c LI | ||
| 999 | |c 2674 |d 2674 | ||



